000 00430nam a2200205Ia 4500
001 083738
003 YMCAF
005 20230512161422.0
008 100717s2002 ||||||||||||||||| ||und|d
024 _a83738
035 _a23198
040 _aYMCAF
_beng
_cIN-KoLT
041 _aeng
082 _a518
_bBAL
100 _aBalagurusamy
245 0 _aNumerical methods
260 _bTMH
_c2002
300 _a608
942 _2ddc
_cBK
999 _c8449
_d8449